Countries with U.S. Troops - Statistics

General Stats
  • This quiz has been taken 132,684 times
    28,886 since last reset
  • The average score is 9 of 14
Answer Stats
Troops Country % Correct
10,058 United Kingdom
94%
35,068 Germany
90%
54,774 Japan
87%
1,126,675 United States
87%
24,234 South Korea
81%
12,375 Italy
77%
732 Australia
76%
3,292 Spain
75%
1,690 Turkey
67%
1,438 Norway
48%
616 Cuba
43%
1,106 Belgium
40%
533 Kuwait
35%
3,479 Bahrain
22%
No matching quizzes found
Score Distribution
Percent of People with Each Score
Percentile by Number Answered
Your Score History
You have not taken this quiz since the last reset